000 00712nam a2200217 a 4500
999 _c582
_d582
005 20200104041512.0
008 140221b1993 ck ||||| |||| 00| 0 spa d
040 _aCO-BoIAVH
_cCO-BoIAVH
041 0 _aspa
044 _ack
082 0 4 _a631.584
_bS67m
111 _aSeminario Manejo Integrado de Trips :
_cTibaitatá - Cundinamarca (Colombia) ;
_dmayo 20, 1993.
_987872
245 _aMemorias primer seminario manejo integrado de trips
260 _aBogotá (Colombia) :
_bSOCOLEN ;
_c1993.
300 _a30 páginas.
_c17 x 24 cm.
650 _aControl de plagas
_91120
650 _aControl de insectos
_98331
650 _aAgricultura
_9304
650 _aEntomología agrícola
_98333
942 _cLIBRO
_2ddc